| 000 | 00340nam a2200133Ia 4500 | ||
|---|---|---|---|
| 008 | 240624s9999 xx 000 0 und d | ||
| 041 | _aeng | ||
| 082 | _a651.73 ROG | ||
| 100 | _aROGOSKI BARBARA | ||
| 245 | _aBORING TO BRILLIANT A SPEAKER S GUIDE | ||
| 260 |
_c2014 _aEurope _bBarbara Rogoski |
||
| 300 | _a159 p.; 25 cm. | ||
| 365 |
_c _b38 |
||
| 999 |
_c29004 _d29004 |
||